000 00581nam a2200205Ia 4500
003 GCL
008 140319s9999 xx 000 0 ara d
040 _aGCL /
_cGCL
082 0 4 _a336.2428
_bع ت
100 1 _aعادل احمد حشيش
245 1 0 _aالتشريع الضريبى المصرى /
_cعادل احمد حشيش
260 _a[S.N] :
_bدار المعرفة الجامعية ،
_c1990
300 _a452 ص
490 _a
650 0 4 _aمصر
650 0 4 _aالاقتصاد
650 0 4 _aالضرائب
650 0 4 _aضرائب الدخل
942 _2ddc
_cBK
999 _c32069
_d32069